Maverick 71 = '71 Maverick /

Shranjeno v:
Bibliografske podrobnosti
Glavni avtor: Paniagua, Luis (autor)
Drugi avtorji: Huntington, Tanya (traducción) (traducción)
Format: Knjiga
Jezik:španščina
Izdano: México : Literal Publishing : 2013, c2013
Serija:(Lateral)
Teme:
Oznake: Označite
Brez oznak, prvi označite!

MARC

LEADER 00000nam^a2200000^a^4500
001 000410500
005 20250521000000.0
009 20260310122048.209
020 |a 978-0-9897957-1-5 
037 |a Acervo ITESO - Biblioteca 
041 |a ESP 
082 |a 861.  |b PAN 
100 |a Paniagua, Luis  |e (autor) 
245 1 0 |a Maverick 71 =  |b '71 Maverick /  |c L. Paniagua. 
264 4 |a México :  |b Literal Publishing :  |c 2013, c2013 
300 |a 107 p. 
336 |a texto  |b txt  |2 rdacontenido 
337 |a sin mediación  |b n  |2 rdamedio 
338 |a volumen  |b nc  |2 rdasoporte 
440 1 |a (Lateral) 
521 |a FIL 2018 DIA 
546 |a Edición bilingüe español-inglés 
649 |a XX 
650 |a Poesía Mexicana 
650 |a Literatura Mexicana -  |y Siglo XXI 
700 |a Huntington, Tanya  |e (traducción) 
910 |a Fondo General 
920 |a Impresos - Libros 
930 |a Colección General 
940 |a Literatura 
905 |a 101 
901 |a 0500311353  |b IT1  |c LIT  |i C164052  |u 20250521 
902 |a https://opac.biblio.iteso.mx/vufind/Record/000410500